[Event "XXVI. Rhein-Main-Open, Gruppe A"]
[Site "Bad Homburg vor der Höhe"]
[Date "2024.05.29"]
[Round "2"]
[White "Dornblueth, Christian"]
[Black "Steigleder, Maximilian"]
[Result "1-0"]
[WhiteElo "1937"]
[BlackElo "1718"]
[PlyCount "83"]
[EventDate "2024.??.??"]
[WhiteTeam "SF Heidelberg"]
[BlackTeam "Sfr.1932 Kelkheim"]

1. d4 d5 2. c4 e6 3. Nc3 a6 4. a4 Nc6 5. Nf3 dxc4 6. e3 Na5 7. Nd2 Nf6 8. Nxc4 c5 9. Ne5 cxd4 10. exd4 Nd5 11. Be2 Qb6 12. O-O Nb3 13. Nc4 Qb4 14. Na2 Nxc1 15. Nxb4 Nxe2+ 16. Qxe2 Bxb4 17. Ne3 O-O 18. Qc4 a5 19. Nxd5 exd5 20. Qxd5 Be6 21. Qxb7 Rad8 22. Qe4 Rd5 23. Rfd1 Rfd8 24. Qf3 h5 25. h3 g6 26. Rac1 Kg7 27. Qe3 Be7 28. Rc7 R5d7 29. Rxd7 Rxd7 30. d5 Bf6 31. Qb3 Bf5 32. d6 Be5 33. Qb5 Bxd6 34. Qxd7 Bxd7 35. Rxd6 Bxa4 36. Ra6 Bb3 37. Rxa5 Kf6 38. Rb5 Be6 39. h4 Ke7 40. Kh2 Kd6 41. Rb6+ Kc5 42. Rxe6 1-0

[Event "XXVI. Rhein-Main-Open, Gruppe A"]
[Site "Bad Homburg vor der Höhe"]
[Date "2024.05.29"]
[Round "2"]
[White "Drill, Frank"]
[Black "Schultze, Joerg Martin"]
[Result "0-1"]
[WhiteElo "2013"]
[BlackElo "1936"]
[PlyCount "54"]
[EventDate "2024.??.??"]
[WhiteTeam "SF Neuberg"]
[BlackTeam "SF Braunfels"]

1. e4 c6 2. d4 d5 3. f3 dxe4 4. fxe4 e5 5. Nf3 Bg4 6. c3 Nd7 7. Bd3 Ngf6 8. Nbd2 Qc7 9. O-O Bh5 10. Nc4 b5 11. Ncxe5 Nxe5 12. dxe5 Bc5+ 13. Kh1 Ng4 14. Qc2 O-O 15. b4 Bb6 16. Bf4 Ne3 17. Qb3 Nxf1 18. Rxf1 Rad8 19. Bc2 Bxf3 20. Rxf3 Qe7 21. Rg3 Bc7 22. Rg5 h6 23. Rh5 g5 24. Be3 Bxe5 25. h4 Qf6 26. hxg5 Qf1+ 27. Bg1 Rd2 0-1

[Event "XXVI. Rhein-Main-Open, Gruppe A"]
[Site "Bad Homburg vor der Höhe"]
[Date "2024.05.29"]
[Round "2"]
[White "Dubiel, Jacek"]
[Black "Schmitt, Hans Walter"]
[Result "1-0"]
[WhiteElo "2367"]
[BlackElo "2028"]
[PlyCount "39"]
[EventDate "2024.??.??"]
[WhiteTeam "SV Oberursel"]
[BlackTeam "SC Bad Soden"]

1. e4 c5 2. Nf3 d6 3. d4 cxd4 4. Nxd4 Nc6 5. Nc3 g6 6. Be3 Bg7 7. Qd2 a6 8. O-O-O Nf6 9. f3 Nxd4 10. Bxd4 b5 11. Nd5 Be6 12. Bb6 Qb8 13. Nc7+ Kf8 14. Nxa8 Qxa8 15. Kb1 h5 16. e5 Nd5 17. exd6 exd6 18. Bd4 Bxd4 19. Qxd4 Ke7 20. c4 1-0

[Event "XXVI. Rhein-Main-Open, Gruppe A"]
[Site "Bad Homburg vor der Höhe"]
[Date "2024.05.29"]
[Round "2"]
[White "Falkenhainer, Sven"]
[Black "Busch, Lorenz"]
[Result "0-1"]
[WhiteElo "1843"]
[BlackElo "1995"]
[PlyCount "64"]
[EventDate "2024.??.??"]
[WhiteTeam "SC Bergen-Enkheim 1922"]
[BlackTeam "SC Bellheim"]

1. e4 c5 2. Nc3 Nc6 3. g3 g6 4. Bg2 Bg7 5. Nge2 b6 6. O-O Bb7 7. d3 a6 8. Be3 e6 9. f4 Nge7 10. Qd2 O-O 11. Rae1 Qc7 12. Qc1 d6 13. g4 f5 14. exf5 exf5 15. g5 Nd4 16. Rf2 Bxg2 17. Kxg2 Rfe8 18. Bd2 Rac8 19. Nd1 Qc6+ 20. Kg3 Qa4 21. Nxd4 cxd4 22. Rfe2 Rxc2 23. Qb1 Kf7 24. a3 Qb3 25. Nf2 Qxb2 26. Qxb2 Rxb2 27. Kf3 Bf8 28. Bb4 Rxe2 29. Rxe2 Nd5 30. Rxe8 Kxe8 31. Nd1 Nxb4 32. axb4 b5 0-1

[Event "XXVI. Rhein-Main-Open, Gruppe A"]
[Site "Bad Homburg vor der Höhe"]
[Date "2024.05.29"]
[Round "2"]
[White "Feick, Claas Marten"]
[Black "Uneken, Bert"]
[Result "1-0"]
[WhiteElo "1772"]
[BlackElo "1837"]
[PlyCount "79"]
[EventDate "2024.??.??"]
[WhiteTeam "SF Neuberg"]

1. d4 Nf6 2. Bf4 d5 3. Nc3 e6 4. Nb5 Na6 5. e3 c6 6. Nc3 Nc7 7. Nf3 Bd6 8. Ne5 Bd7 9. Nxf7 Kxf7 10. Bxd6 Re8 11. Be5 b5 12. Bd3 Na6 13. Bxf6 Qxf6 14. Qh5+ Ke7 15. Ne2 c5 16. c3 Rh8 17. Nf4 Raf8 18. a4 c4 19. axb5 Nc7 20. Bxc4 g5 21. Rxa7 gxf4 22. Rxc7 fxe3 23. f3 Kd6 24. b6 Rb8 25. Qe5+ Qxe5 26. dxe5+ Kxe5 27. Rxd7 dxc4 28. b7 Rhd8 29. Rxd8 Rxd8 30. g3 Rb8 31. Kd1 Rxb7 32. Kc2 Rd7 33. Re1 Rd2+ 34. Kc1 Rxh2 35. Rxe3+ Kd5 36. Kb1 Rh1+ 37. Ka2 Rd1 38. f4 Rd3 39. Rxd3+ cxd3 40. Kb1 1-0

[Event "XXVI. Rhein-Main-Open, Gruppe A"]
[Site "Bad Homburg vor der Höhe"]
[Date "2024.05.29"]
[Round "2"]
[White "Fucik, Timo"]
[Black "Hagner, Bennet"]
[Result "0-1"]
[WhiteElo "1996"]
[BlackElo "2314"]
[PlyCount "68"]
[EventDate "2024.??.??"]
[WhiteTeam "SK 1926 Ettlingen"]
[BlackTeam "OSG Baden-Baden"]

1. d4 Nf6 2. Bg5 e6 3. e4 h6 4. Bxf6 Qxf6 5. c3 d6 6. Bd3 Qg5 7. g3 e5 8. Nf3 Qe7 9. Nbd2 g6 10. Qb3 Bg7 11. O-O-O O-O 12. dxe5 dxe5 13. Nh4 Nd7 14. Bc4 Kh7 15. h3 a5 16. Ng2 a4 17. Qc2 Qc5 18. Ne3 b5 19. Be2 Nb6 20. h4 Be6 21. a3 Ba2 22. h5 Rfd8 23. hxg6+ fxg6 24. g4 Bf6 25. Rh3 Bg5 26. Rdh1 Rd6 27. Rxh6+ Bxh6 28. g5 Rad8 29. Nd5 Nxd5 30. exd5 Qxd5 31. Rxh6+ Kg7 32. Ne4 Bb3 33. Nf6 Rxf6 34. gxf6+ Kxh6 0-1

[Event "XXVI. Rhein-Main-Open, Gruppe A"]
[Site "Bad Homburg vor der Höhe"]
[Date "2024.05.29"]
[Round "2"]
[White "Gaertner, Johannes"]
[Black "Novak, Volker"]
[Result "1/2-1/2"]
[WhiteElo "1853"]
[BlackElo "2125"]
[PlyCount "33"]
[EventDate "2024.??.??"]
[WhiteTeam "Sfr.Mainz 1928"]
[BlackTeam "SK Bad Homburg 1927"]

1. d4 Nf6 2. c4 d6 3. Nc3 e5 4. dxe5 dxe5 5. Qxd8+ Kxd8 6. e4 Bb4 7. Bd2 Nbd7 8. f3 Re8 9. O-O-O c6 10. g3 a5 11. h4 Kc7 12. Kc2 Nb6 13. b3 Nfd7 14. Bh3 Nc5 15. Bxc8 Raxc8 16. Nge2 Ne6 17. Be3 1/2-1/2

[Event "XXVI. Rhein-Main-Open, Gruppe A"]
[Site "Bad Homburg vor der Höhe"]
[Date "2024.05.29"]
[Round "2"]
[White "Giel, Olaf"]
[Black "Jakob, Steffen"]
[Result "1-0"]
[WhiteElo "2083"]
[BlackElo "1836"]
[PlyCount "101"]
[EventDate "2024.??.??"]
[WhiteTeam "SF Bremer Osten Bgh. Mahndorf"]
[BlackTeam "Sges Bensheim 1931"]

1. d4 d5 2. Nf3 Nf6 3. e3 e6 4. Nbd2 b6 5. Bd3 Bb7 6. O-O Nbd7 7. b3 c5 8. Bb2 Rc8 9. Qe2 Ne4 10. Ne5 Nxe5 11. dxe5 Nxd2 12. Qxd2 c4 13. Be2 Be7 14. Rfd1 O-O 15. bxc4 dxc4 16. Qxd8 Rfxd8 17. Rxd8+ Bxd8 18. Rd1 Bd5 19. f3 Be7 20. e4 c3 21. Ba3 Bxa3 22. exd5 exd5 23. Rxd5 Kf8 24. f4 Ke7 25. Bd3 h6 26. Kf2 Rd8 27. Rxd8 Kxd8 28. Ke3 Ke7 29. Kd4 Bb2 30. Ba6 Kd7 31. Kd5 Bc1 32. f5 Be3 33. g3 Bf2 34. g4 Be3 35. Bc4 a5 36. Ke4 Bg5 37. Bxf7 Ke7 38. Bc4 Bh4 39. Kd4 Be1 40. Kd5 Bf2 41. Kc6 Bd4 42. Kd5 Bf2 43. a4 Bg1 44. h4 Be3 45. Bb3 Bf2 46. g5 hxg5 47. hxg5 Be3 48. f6+ gxf6 49. gxf6+ Kf8 50. e6 Bg5 51. e7+ 1-0

[Event "XXVI. Rhein-Main-Open, Gruppe A"]
[Site "Bad Homburg vor der Höhe"]
[Date "2024.05.29"]
[Round "2"]
[White "Gries, Volker"]
[Black "Boersch, Dieter"]
[Result "1/2-1/2"]
[WhiteElo "2064"]
[BlackElo "1764"]
[PlyCount "56"]
[EventDate "2024.??.??"]
[WhiteTeam "SV Oberursel"]
[BlackTeam "SK Bad Homburg 1927"]

1. e4 c5 2. Nf3 d6 3. Bb5+ Bd7 4. Bxd7+ Qxd7 5. O-O Nc6 6. d4 cxd4 7. Nxd4 Nf6 8. Re1 g6 9. c3 Bg7 10. Nd2 O-O 11. N2f3 Rac8 12. Bg5 Rfd8 13. Qe2 e5 14. Nc2 Qe6 15. Bxf6 Bxf6 16. Ne3 Ne7 17. c4 b5 18. cxb5 d5 19. exd5 Nxd5 20. Nxd5 Rxd5 21. a4 Rdc5 22. Qe3 a6 23. bxa6 Qxa6 24. Nd2 Rc2 25. Ne4 Rxb2 26. Rab1 Rxb1 27. Rxb1 Bg7 28. Qb3 Qc4 1/2-1/2

[Event "XXVI. Rhein-Main-Open, Gruppe A"]
[Site "Bad Homburg vor der Höhe"]
[Date "2024.05.29"]
[Round "2"]
[White "Griesfeller, Sven"]
[Black "Kuhn, Gerhard"]
[Result "1/2-1/2"]
[WhiteElo "1741"]
[BlackElo "1989"]
[PlyCount "79"]
[EventDate "2024.??.??"]
[WhiteTeam "Schachdr. Büdingen-Wächtersbach"]
[BlackTeam "SK Marburg 1931/72"]

1. e4 c6 2. d4 d5 3. f3 e6 4. Nc3 Qb6 5. Na4 Qa5+ 6. c3 b5 7. Nc5 Nd7 8. b4 Qc7 9. a4 Nxc5 10. bxc5 Bd7 11. Nh3 dxe4 12. fxe4 Nf6 13. Bd3 e5 14. Qf3 b4 15. cxb4 exd4 16. O-O Bg4 17. Qf4 Qxf4 18. Nxf4 Rb8 19. Ba3 Be7 20. b5 Nd7 21. bxc6 Nxc5 22. Bb5 Rc8 23. Nd5 Bf8 24. Rac1 Nb3 25. c7+ Bd7 26. Rb1 Bxb5 27. axb5 Nd2 28. Bxf8 Rxf8 29. Ra1 Nxf1 30. Kxf1 Kd7 31. Rxa7 Kd6 32. b6 f5 33. b7 Rxc7 34. b8=Q Rxb8 35. Nxc7 fxe4 36. Ra4 Kxc7 37. Rxd4 Rb1+ 38. Ke2 Rb2+ 39. Kf1 e3 40. Re4 1/2-1/2

[Event "XXVI. Rhein-Main-Open, Gruppe A"]
[Site "Bad Homburg vor der Höhe"]
[Date "2024.05.29"]
[Round "2"]
[White "Henrich, Thomas"]
[Black "Carow, Johannes"]
[Result "0-1"]
[WhiteElo "2087"]
[BlackElo "2455"]
[PlyCount "82"]
[EventDate "2024.??.??"]
[WhiteTeam "SK Marburg 1931/72"]
[BlackTeam "Sfr.Heidesheim"]

1. d4 Nf6 2. c4 g6 3. Nc3 d5 4. Qb3 dxc4 5. Qxc4 Be6 6. Qd3 c5 7. Nf3 Nc6 8. dxc5 Bg7 9. Bf4 Qxd3 10. exd3 Nd5 11. Nxd5 Bxd5 12. O-O-O Bxa2 13. d4 O-O 14. Bb5 Rfd8 15. Bxc6 bxc6 16. Rhe1 Kf8 17. Bg5 f6 18. Bf4 Bd5 19. Kc2 Rd7 20. b4 g5 21. Bg3 h5 22. h3 h4 23. Bh2 a5 24. Ra1 Rda7 25. Rxa5 Rxa5 26. bxa5 Rxa5 27. Kd3 Ra3+ 28. Ke2 Bc4+ 29. Kd2 Ra2+ 30. Kc3 Bd5 31. Bg1 Ke8 32. Rb1 Kd7 33. Ne1 f5 34. f3 g4 35. hxg4 fxg4 36. fxg4 Ra3+ 37. Kb4 Rg3 38. Nf3 Rxg4 39. Rf1 Bf6 40. Bf2 h3 41. gxh3 Rf4 0-1

[Event "XXVI. Rhein-Main-Open, Gruppe A"]
[Site "Bad Homburg vor der Höhe"]
[Date "2024.05.29"]
[Round "2"]
[White "Hoelss, Manuel"]
[Black "Hipler, Andreas"]
[Result "0-1"]
[WhiteElo "1788"]
[BlackElo "1884"]
[PlyCount "30"]
[EventDate "2024.??.??"]
[WhiteTeam "SSG Hungen-Lich"]
[BlackTeam "SK Gau-Algesheim"]

1. e4 c6 2. d4 d5 3. exd5 cxd5 4. c4 Nf6 5. Nc3 Nc6 6. Nf3 Be6 7. c5 g6 8. Ne5 Bg7 9. Bb5 Bd7 10. Nxd7 Qxd7 11. O-O O-O 12. Be3 Rfe8 13. b4 Qc7 14. Qb3 Ng4 15. h3 Qh2# 0-1

[Event "XXVI. Rhein-Main-Open, Gruppe A"]
[Site "Bad Homburg vor der Höhe"]
[Date "2024.05.29"]
[Round "2"]
[White "Iwanziw, Niklas"]
[Black "Foerster Yialamas, Lucas"]
[Result "0-1"]
[WhiteElo "1932"]
[BlackElo "2116"]
[PlyCount "78"]
[EventDate "2024.??.??"]
[WhiteTeam "SF Neuberg"]
[BlackTeam "Sabt Frankfurter TV 1860"]

1. c4 c6 2. d4 d5 3. cxd5 cxd5 4. Nc3 Nf6 5. Bf4 a6 6. e3 Nc6 7. Bd3 e6 8. Rc1 Bd7 9. h3 b5 10. Nf3 Qa5 11. Nd2 Qb6 12. O-O Na5 13. Nf3 Nc4 14. Qe2 b4 15. Nb1 Bb5 16. e4 dxe4 17. Bxc4 Bxc4 18. Rxc4 exf3 19. Qxf3 Nd5 20. Be5 f6 21. Bg3 Bd6 22. Qh5+ g6 23. Qg4 Bxg3 24. Qxg3 O-O 25. Rfc1 Rae8 26. Nd2 Re7 27. Nb3 e5 28. Rc6 Qa7 29. Nc5 Nf4 30. Rc2 Kh8 31. Rxa6 Qb8 32. dxe5 Qxe5 33. Kh2 g5 34. a3 Qe1 35. f3 Qd1 36. Qf2 Re1 37. Kg3 Rg1 38. Rd2 Qb1 39. Rxf6 Nh5+ 0-1

[Event "XXVI. Rhein-Main-Open, Gruppe A"]
[Site "Bad Homburg vor der Höhe"]
[Date "2024.05.29"]
[Round "2"]
[White "Klemp, Torben"]
[Black "Pichl, Michael"]
[Result "1-0"]
[WhiteElo "1893"]
[BlackElo "1860"]
[PlyCount "71"]
[EventDate "2024.??.??"]
[WhiteTeam "SV Oberursel"]
[BlackTeam "SV Empor Erfurt"]

1. d4 g6 2. Bf4 Bg7 3. Nc3 d6 4. e4 Nd7 5. Nf3 e5 6. Bg5 Ngf6 7. Qd2 h6 8. Bh4 O-O 9. O-O-O exd4 10. Nxd4 Re8 11. f3 c6 12. Bc4 Qc7 13. Nde2 b5 14. Bb3 Bf8 15. Bg3 Ne5 16. Rhf1 b4 17. Na4 c5 18. Bd5 Nxd5 19. Qxd5 Be6 20. Qd2 Bd7 21. b3 Bxa4 22. Bxe5 Rxe5 23. bxa4 Qa5 24. Qd3 c4 25. Qxc4 Rc5 26. Qb3 Rac8 27. Rd2 Bg7 28. Kb1 Rc3 29. Nxc3 Rxc3 30. Qd5 Qxa4 31. f4 Qa3 32. e5 dxe5 33. fxe5 Rc7 34. Qd8+ Kh7 35. Qxc7 Qe3 36. Rxf7 1-0

[Event "XXVI. Rhein-Main-Open, Gruppe A"]
[Site "Bad Homburg vor der Höhe"]
[Date "2024.05.29"]
[Round "2"]
[White "Kopf, Rainer"]
[Black "Nagel, Matthias"]
[Result "0-1"]
[WhiteElo "1903"]
[BlackElo "1881"]
[PlyCount "60"]
[EventDate "2024.??.??"]
[WhiteTeam "SC Bellheim"]
[BlackTeam "SV 1920 Kelsterbach"]

1. d4 d5 2. Nf3 Nf6 3. c4 e6 4. Bg5 h6 5. Bh4 Be7 6. e3 b6 7. cxd5 Nxd5 8. Bxe7 Qxe7 9. Nc3 Nxc3 10. bxc3 O-O 11. Bd3 Bb7 12. O-O Nd7 13. Bc2 Rfc8 14. Qe2 e5 15. Rfc1 c5 16. dxe5 Nxe5 17. Nxe5 Qxe5 18. a4 Qg5 19. f3 Re8 20. Re1 a6 21. Rab1 b5 22. Kf2 Bc6 23. axb5 axb5 24. g3 Qe5 25. Rbc1 Kf8 26. Bd3 c4 27. Bb1 Ra3 28. Qb2 Rb3 29. Qc2 Qh5 30. e4 Rb2 0-1

[Event "XXVI. Rhein-Main-Open, Gruppe A"]
[Site "Bad Homburg vor der Höhe"]
[Date "2024.05.29"]
[Round "2"]
[White "Krause, Jonah"]
[Black "Loef, Dirk"]
[Result "1-0"]
[WhiteElo "2345"]
[BlackElo "2060"]
[PlyCount "57"]
[EventDate "2024.??.??"]
[WhiteTeam "FC ST.Pauli 1910 eV SAbt"]
[BlackTeam "Sfr.Heidesheim"]

1. d4 Nf6 2. c4 e6 3. Nf3 c5 4. d5 b5 5. dxe6 fxe6 6. cxb5 d5 7. e3 Bd6 8. Nbd2 O-O 9. b3 Nbd7 10. Bb2 Qe7 11. Qc2 Bb7 12. Bd3 Rac8 13. e4 c4 14. bxc4 dxc4 15. Bxc4 Bb4 16. O-O Nxe4 17. Nxe4 Rxf3 18. gxf3 Nb6 19. Rac1 Rxc4 20. Qd3 Bd5 21. Kh1 Qb7 22. Rxc4 Nxc4 23. Bd4 Nd6 24. Ng5 Nf5 25. Be5 h6 26. Ne4 Nh4 27. Rg1 Nxf3 28. Rxg7+ Qxg7 29. Bxg7 1-0

[Event "XXVI. Rhein-Main-Open, Gruppe A"]
[Site "Bad Homburg vor der Höhe"]
[Date "2024.05.29"]
[Round "2"]
[White "Kretner, Georg Ulrich"]
[Black "Schmitt, Carsten"]
[Result "1-0"]
[WhiteElo "1886"]
[BlackElo "1947"]
[PlyCount "109"]
[EventDate "2024.??.??"]
[WhiteTeam "SC Bad Nauheim"]
[BlackTeam "SV Bergwinkel"]

1. d4 Nf6 2. Nf3 e6 3. c4 d5 4. Nc3 Bb4 5. Qa4+ Nc6 6. e3 O-O 7. Bd3 dxc4 8. Bxc4 Nd5 9. Qc2 b6 10. O-O Nxc3 11. bxc3 Bd6 12. Rd1 Bb7 13. e4 h6 14. e5 Be7 15. Be2 Qc8 16. Qa4 Rd8 17. Be3 Na5 18. Nd2 c5 19. Rac1 Qc6 20. Qxc6 Bxc6 21. dxc5 Ba4 22. Nb3 Bxb3 23. axb3 Nxb3 24. cxb6 Nxc1 25. Rxc1 axb6 26. Bxb6 Rd2 27. Bf3 Ra6 28. Be3 Rda2 29. Kf1 Ra1 30. Rxa1 Rxa1+ 31. Ke2 Kf8 32. Kd3 Ke8 33. Bc6+ Kd8 34. f4 Kc7 35. Bf3 Ra5 36. Kc4 Ba3 37. Bd4 Bc1 38. g3 Ra2 39. h4 Bd2 40. Kd3 Be1 41. g4 Bxh4 42. f5 Bg3 43. f6 g6 44. Ke4 Rh2 45. Bd1 Rh4 46. Kf3 Be1 47. Ba4 h5 48. Be8 Rxg4 49. Bxf7 Rg3+ 50. Ke4 h4 51. Bxe6 h3 52. Bxh3 Rxh3 53. f7 Rh8 54. e6 Rf8 55. e7 1-0

[Event "XXVI. Rhein-Main-Open, Gruppe A"]
[Site "Bad Homburg vor der Höhe"]
[Date "2024.05.29"]
[Round "2"]
[White "Krychevskiy, Dmytro"]
[Black "Koehlich, Viktor"]
[Result "1-0"]
[WhiteElo "1944"]
[BlackElo "1798"]
[PlyCount "101"]
[EventDate "2024.??.??"]
[WhiteTeam "SV Oberursel"]
[BlackTeam "SC Matt im Park Ffm"]

1. e4 c5 2. Nf3 d6 3. c3 Nf6 4. h3 g6 5. Bd3 Bg7 6. O-O O-O 7. Bc2 e5 8. d3 Nc6 9. Re1 Ne8 10. Na3 f5 11. Ng5 Qf6 12. exf5 Bxf5 13. Rf1 h6 14. Ne4 Qe7 15. Be3 a6 16. Qd2 b5 17. Rae1 Nc7 18. Bxh6 Bxe4 19. Rxe4 Ne6 20. Bb3 Kh7 21. Bxg7 Kxg7 22. Bd5 Qd7 23. Bxe6 Qxe6 24. c4 b4 25. Nc2 Rad8 26. Ne3 Ne7 27. f4 Nf5 28. Nxf5+ Rxf5 29. g4 Rf6 30. fxe5 Rxf1+ 31. Kxf1 Rf8+ 32. Kg2 dxe5 33. Qe2 Re8 34. Qe3 Qd6 35. Kf1 Rf8+ 36. Kg2 Re8 37. h4 Qf6 38. Kg3 Qd6 39. h5 gxh5 40. Qg5+ Qg6 41. Rxe5 Rxe5 42. Qxe5+ Kg8 43. Qd5+ Kg7 44. g5 a5 45. Kf4 h4 46. Kg4 h3 47. Kxh3 Qh5+ 48. Kg3 Qe2 49. Qd7+ Kg6 50. Qd6+ Kh5 51. Qh6# 1-0

[Event "XXVI. Rhein-Main-Open, Gruppe A"]
[Site "Bad Homburg vor der Höhe"]
[Date "2024.05.29"]
[Round "2"]
[White "Mandalka, Justus"]
[Black "Eull, Emil"]
[Result "0-1"]
[WhiteElo "1837"]
[BlackElo "2113"]
[PlyCount "92"]
[EventDate "2024.??.??"]
[WhiteTeam "SK Bad Homburg 1927"]
[BlackTeam "SF Neuberg"]

1. e4 c6 2. d4 d5 3. Nc3 dxe4 4. Nxe4 Nf6 5. Nxf6+ exf6 6. c3 Bd6 7. Bd3 O-O 8. Qc2 Re8+ 9. Ne2 h5 10. O-O h4 11. h3 Nd7 12. Be3 Nf8 13. Rad1 Bd7 14. Rfe1 Qc8 15. Nf4 Qc7 16. Qd2 Re7 17. c4 Rae8 18. Kf1 Qc8 19. Bb1 Bxf4 20. Bxf4 Bxh3 21. Rxe7 Rxe7 22. Bd6 Bxg2+ 23. Kxg2 Qg4+ 24. Kh2 Re2 25. Qf4 Qxf4+ 26. Bxf4 Rxf2+ 27. Kh3 Rxf4 28. d5 cxd5 29. cxd5 g6 30. d6 Nd7 31. Bc2 Kf8 32. Bb3 b6 33. Bd5 Ke8 34. Rc1 Ne5 35. Rc7 Rd4 36. Re7+ Kf8 37. Bb3 Rd3+ 38. Kg2 Rxd6 39. Rxa7 Rd2+ 40. Kh3 Rd3+ 41. Kg2 h3+ 42. Kf2 h2 43. Kg2 Rd2+ 44. Kh1 Rxb2 45. Rb7 g5 46. Bd5 g4 0-1

[Event "XXVI. Rhein-Main-Open, Gruppe A"]
[Site "Bad Homburg vor der Höhe"]
[Date "2024.05.29"]
[Round "2"]
[White "Marschner, Thomas"]
[Black "Nagel, Bernhard"]
[Result "1-0"]
[WhiteElo "1965"]
[BlackElo "2192"]
[PlyCount "95"]
[EventDate "2024.??.??"]
[WhiteTeam "SVG Eppstein 1932"]
[BlackTeam "Kölner SK Dr. Lasker 1861"]

1. e4 c6 2. c4 d5 3. cxd5 cxd5 4. exd5 Nf6 5. Qa4+ Nbd7 6. Nc3 g6 7. Nf3 Bg7 8. Bc4 O-O 9. d3 a6 10. Qa3 Nb6 11. Qb3 Nxc4 12. dxc4 e6 13. O-O exd5 14. cxd5 Qd6 15. Bg5 Bg4 16. Nd2 b5 17. Nde4 Nxe4 18. Nxe4 Qb6 19. Rfe1 Bf5 20. a4 Qd4 21. Nd6 Qxb2 22. Qxb2 Bxb2 23. Nxf5 gxf5 24. Rab1 Bc3 25. Re3 Rfc8 26. axb5 axb5 27. Be7 f4 28. Rd3 Ba5 29. g3 Bd8 30. Bxd8 Rxd8 31. Rxb5 fxg3 32. hxg3 Rd6 33. Kg2 Ra2 34. Rc5 Raa6 35. f4 h5 36. Kf3 Kg7 37. Ke4 Kf8 38. Rdc3 Ra1 39. Ke5 Rd7 40. Rd3 Re1+ 41. Kf5 Rd6 42. Rc6 Rxc6 43. dxc6 Rc1 44. Rd6 Ke7 45. Rd7+ Ke8 46. Rc7 Rc3 47. Kf6 Rxg3 48. Rc8# 1-0

[Event "XXVI. Rhein-Main-Open, Gruppe A"]
[Site "Bad Homburg vor der Höhe"]
[Date "2024.05.29"]
[Round "2"]
[White "Milov, Leonid"]
[Black "Bollmann, Henrik"]
[Result "1/2-1/2"]
[WhiteElo "2424"]
[BlackElo "2084"]
[PlyCount "59"]
[EventDate "2024.??.??"]
[WhiteTeam "SC Noris-Tarrasch Nürnberg 1873"]
[BlackTeam "SC Bad Nauheim"]

1. e4 c5 2. Nf3 e6 3. g3 Nc6 4. Bg2 Nf6 5. d3 Be7 6. O-O O-O 7. Re1 e5 8. c3 d6 9. h3 Re8 10. a3 Bf8 11. b4 a6 12. Bb2 b5 13. Nbd2 Bb7 14. Qb3 Qd7 15. d4 c4 16. Qc2 g6 17. Rad1 Qc7 18. d5 Ne7 19. Nf1 Bh6 20. Bc1 Bxc1 21. Qxc1 Kg7 22. Nxe5 dxe5 23. d6 Qb6 24. dxe7 Rxe7 25. Ne3 Rd8 26. Rxd8 Qxd8 27. Rd1 Rd7 28. Rxd7 Qxd7 29. Qc2 Bc6 30. Kh2 1/2-1/2

[Event "XXVI. Rhein-Main-Open, Gruppe A"]
[Site "Bad Homburg vor der Höhe"]
[Date "2024.05.29"]
[Round "2"]
[White "Miyake Siqueira, Pedro Henrique"]
[Black "Bach, Oliver"]
[Result "1-0"]
[WhiteElo "1847"]
[BlackElo "1805"]
[PlyCount "97"]
[EventDate "2024.??.??"]
[WhiteTeam "SK Bad Homburg 1927"]
[BlackTeam "Sabt Frankfurter TV 1860"]

1. e4 c5 2. Nf3 d6 3. d4 cxd4 4. Nxd4 Nf6 5. Nc3 a6 6. Rg1 e5 7. Nf3 b5 8. Bg5 Nbd7 9. a4 bxa4 10. Rxa4 Qb6 11. b3 Ng4 12. Qd2 Bb7 13. h3 Ngf6 14. Bc4 Bc6 15. Bd5 Be7 16. Rc4 Bb7 17. Na4 Qa7 18. Bxf6 Nxf6 19. Nc3 Bxd5 20. Nxd5 Nxd5 21. Qxd5 O-O 22. Ke2 Rfc8 23. Nd2 Rxc4 24. Nxc4 Rc8 25. Ra1 Qa8 26. Qxa8 Rxa8 27. Nb6 Ra7 28. Nc8 Rc7 29. Nxe7+ Rxe7 30. Rxa6 f6 31. Rxd6 Rc7 32. c4 Kf7 33. Kd2 Ke7 34. Ra6 h5 35. Kc3 g5 36. b4 g4 37. hxg4 hxg4 38. b5 Rb7 39. Kb4 Rd7 40. Kc5 Rd2 41. Ra7+ Ke6 42. Rg7 f5 43. Rg6+ Kf7 44. exf5 Rxf2 45. Rxg4 Rxf5 46. b6 Rf2 47. Kc6 e4 48. Rxe4 Rxg2 49. c5 1-0

[Event "XXVI. Rhein-Main-Open, Gruppe A"]
[Site "Bad Homburg vor der Höhe"]
[Date "2024.05.29"]
[Round "2"]
[White "Moeller, Dustin"]
[Black "Jonnek, Thomas"]
[Result "1-0"]
[WhiteElo "2182"]
[BlackElo "1996"]
[PlyCount "107"]
[EventDate "2024.??.??"]
[WhiteTeam "Preetzer TSV"]
[BlackTeam "SF Bremer Osten Bgh. Mahndorf"]

1. d4 d6 2. Nf3 Bg4 3. e3 c6 4. c4 Nd7 5. Nc3 e5 6. Be2 Ngf6 7. O-O Be7 8. e4 O-O 9. Be3 Qc7 10. Rc1 Rfd8 11. h3 Bxf3 12. Bxf3 Nf8 13. Ne2 c5 14. d5 Ng6 15. g3 Qd7 16. Kg2 b5 17. h4 bxc4 18. h5 Nf8 19. h6 g6 20. Rxc4 Rdb8 21. b3 Ne8 22. Nc3 f5 23. Be2 Nf6 24. f3 Qe8 25. Bd3 fxe4 26. Bxe4 N8d7 27. Bb1 Nb6 28. Rh4 Qf7 29. Be4 Rf8 30. Rhh1 a5 31. Rf2 Nh5 32. Nb5 Rac8 33. Na7 Rc7 34. Nc6 Nf6 35. Nxe7+ Rxe7 36. Rd2 Ra7 37. Rd3 Qb7 38. Qd2 Qa6 39. Bg5 Raf7 40. Re1 Nbd7 41. Re2 Rb8 42. Rc3 Nxe4 43. fxe4 Rbf8 44. Qd3 Qxd3 45. Rxd3 Ra8 46. a4 Nb6 47. Be3 Nd7 48. Bd2 Nf6 49. Rf3 Ne8 50. Rxf7 Kxf7 51. Rf2+ Kg8 52. Bg5 Ra7 53. Bd8 Rb7 54. Rf3 1-0

[Event "XXVI. Rhein-Main-Open, Gruppe A"]
[Site "Bad Homburg vor der Höhe"]
[Date "2024.05.29"]
[Round "2"]
[White "Muehlpfordt, Thomas"]
[Black "Shanawaz Thabrez, Shahzaib"]
[Result "1-0"]
[WhiteElo "1990"]
[BlackElo "1822"]
[PlyCount "107"]
[EventDate "2024.??.??"]
[WhiteTeam "SC 1997 Lambsheim"]
[BlackTeam "SK Langen"]

1. e4 e5 2. Nf3 Nc6 3. Bc4 Nf6 4. d3 Bc5 5. O-O O-O 6. Re1 h6 7. h3 Re8 8. c3 b5 9. Bxb5 Bb7 10. c4 Bb6 11. Nc3 Qe7 12. Be3 Nd4 13. Bxd4 exd4 14. Ne2 c5 15. Ng3 Bc6 16. e5 Nh7 17. Nf5 Qe6 18. Nd6 Rf8 19. Bxc6 dxc6 20. Qa4 Qd7 21. Ne4 Rab8 22. Qa3 Rfd8 23. Nxc5 Bxc5 24. Qxc5 Rxb2 25. Reb1 Rxb1+ 26. Rxb1 Ng5 27. Nxg5 hxg5 28. a4 Qf5 29. Rd1 Qd7 30. a5 Rb8 31. Qd6 Qb7 32. Qxd4 Qb3 33. Rf1 Re8 34. a6 c5 35. Qxc5 Qxd3 36. Qxa7 Qxc4 37. Qb7 Qc8 38. Qxc8 Rxc8 39. a7 Ra8 40. Ra1 Kf8 41. Kf1 Ke7 42. Ra5 Kd7 43. Ke2 Ke6 44. Ke3 f6 45. Ke4 f5+ 46. Ke3 Kf7 47. Ra6 g6 48. f4 Kg7 49. fxg5 Kf7 50. Kf4 Kg7 51. e6 Kg8 52. Ke5 Kg7 53. Kd6 Kf8 54. Kd7 1-0

[Event "XXVI. Rhein-Main-Open, Gruppe A"]
[Site "Bad Homburg vor der Höhe"]
[Date "2024.05.29"]
[Round "2"]
[White "Mueller, Christian"]
[Black "Dubinker, Philipp"]
[Result "1/2-1/2"]
[WhiteElo "2197"]
[BlackElo "1921"]
[PlyCount "120"]
[EventDate "2024.??.??"]
[WhiteTeam "SC Windischeschenbach"]
[BlackTeam "SK Marburg 1931/72"]

1. e4 e5 2. Nc3 Nf6 3. Bc4 Bc5 4. d3 h6 5. f4 d6 6. Nf3 Nc6 7. Bb5 a6 8. Bxc6+ bxc6 9. fxe5 dxe5 10. Qe2 Qe7 11. Be3 Rb8 12. Rb1 Ng4 13. Bxc5 Qxc5 14. Kd2 Be6 15. h3 Nf6 16. g4 Nd7 17. a3 Ke7 18. Nh4 g6 19. b4 Qd6 20. Rb2 a5 21. Rhb1 axb4 22. axb4 Rb7 23. Nd1 Rhb8 24. c3 c5 25. bxc5 Rxb2+ 26. Rxb2 Rxb2+ 27. Nxb2 Nxc5 28. Nf3 Qb6 29. Kc1 Qa5 30. c4 Qa1+ 31. Kc2 Bd7 32. Qe1 Qxb2+ 33. Kxb2 Nxd3+ 34. Kc3 Nxe1 35. Nxe1 h5 36. gxh5 Bxh3 37. Nf3 gxh5 38. Nxe5 Bg2 39. Kd4 Ke6 40. c5 f5 41. Ng6 Bf3 42. Nf4+ Kf6 43. e5+ Kg5 44. Ke3 Kg4 45. Nxh5 Kxh5 46. Kxf3 Kg5 47. Ke3 f4+ 48. Ke4 f3 49. Kxf3 Kf5 50. e6 Kxe6 51. Ke4 c6 52. Kd4 Kf5 53. Kc4 Ke5 54. Kc3 Kd5 55. Kd3 Kxc5 56. Kc3 Kd5 57. Kd3 c5 58. Kc3 c4 59. Kc2 Kd4 60. Kd2 c3+ 1/2-1/2